| 000 | 00984nam a22002297a 4500 | ||
|---|---|---|---|
| 999 |
_c3060 _d3060 |
||
| 003 | AR-CdUCM | ||
| 008 | 190305b ||||| |||| 00| 0 spa d | ||
| 040 |
_aMUNICIPALIDAD PROVINCIAL DEL CUSCO _cBIBLIOTECA MUNICIPAL DEL CUSCO |
||
| 082 |
_a985.009 / _bP13 |
||
| 100 |
_aPacheco Veléz, César _910387 |
||
| 245 | _aVíctor Andrés Belaunde / | ||
| 260 |
_aLima : _bVisión Peruana, _bMonterrico, _c1987. |
||
| 300 |
_a62 páginas ; _bilustraciones, _c21 cm. |
||
| 440 |
_aLos que hicieron el Perú, Biblioteca visión peruana. _n38 _910388 |
||
| 500 | _aEsta publicación es un aporte de la revista Visión Peruana" - Cubierta posterior. | ||
| 505 | _aContenido: Trayectoria y destino -- El proyecto positivista y radical -- La generación del novecientos -- El proyecto generacional -- Belaunde y el indigenismo novecentista ... | ||
| 650 |
_aBiografía _922 |
||
| 650 |
_aHistoria _9136 |
||
| 650 |
_aDiplomático, Arequipa, Perú _910389 |
||
| 942 |
_2ddc _cLIBROS |
||
| 945 | _aachl | ||